| 000 | 00685nam a22002417a 4500 | ||
|---|---|---|---|
| 003 | OSt | ||
| 005 | 20140310181918.0 | ||
| 008 | 130717t xxu||||| |||| 00| 0 eng d | ||
| 020 | _a9789719240204 | ||
| 050 |
_aGV 1201 _b.Se447 2001 |
||
| 082 |
_aTR 746.545 _bT41 2001 |
||
| 100 |
_aSedano, Roel _91285 |
||
| 245 |
_a345 Games to give life to your parties / _cRoel Sedano. |
||
| 260 |
_aInspired Publications, _b(Manila) : _cc2001. |
||
| 300 |
_a150 p. : _bill. ; _c22 cm. |
||
| 521 | _aFaculty | ||
| 541 | _j1 | ||
| 562 | _e1 | ||
| 650 |
_aOutdoor games. _91286 |
||
| 650 |
_aFamily recreation. _91165 |
||
| 650 |
_aGames. _91287 |
||
| 942 |
_2lcc _cBK-TR _kTR |
||
| 999 |
_c6865 _d6865 |
||